000
00333nam a2200145Ia 4500
005
20251222143313.0
008
251222s9999||||xx |||||||||||||| ||spa||
020
_a
84-344-3911-5
082
_a
001.42 B92
100
_a
Bunge, Mario
245
0
_a
La investigación cientÃfica
250
_a
4a.
264
_b
Ariel
942
_c
LIB
999
_c
15782
_d
15782